| 000 | 00617nam a2200205 a 4500 | ||
|---|---|---|---|
| 003 | PILC | ||
| 005 | 20160301132856.0 | ||
| 008 | 080107s19uu xx 00 eng d | ||
| 020 | _a9780750678346 | ||
| 050 |
_aG 155.A1 _b.H383 2007 |
||
| 100 | _aHenderson, Joan C. | ||
| 245 |
_aTourism crises : _bcauses, consequences and management / _cJoan C. Henderson. |
||
| 260 |
_aAmsterdam : _bElsevier, _c2007. |
||
| 300 |
_a186 pages ; _c28 cm. |
||
| 500 | _aIncludes bibliographical references and index. | ||
| 650 |
_aTourism _xManagement. |
||
| 650 | _aCrisis management. | ||
| 942 |
_cBK _2lcc _kFOR |
||
| 999 |
_c39505 _d39505 |
||